Lust or no harm done /

Guardat en:
Dades bibliogràfiques
Autor principal: Ryman, Geoff (Autor)
Format: Llibre
Idioma:anglès
Publicat: London : Flamingo, [2001]
Etiquetes: Afegir etiqueta
Sense etiquetes, Sigues el primer a etiquetar aquest registre!

MARC

LEADER 00000nam a22000007i 4500
001 IT\ICCU\UBO\2284033
003 ItRI
005 20260115231840.0
008 030904s2001 xxk|||||| ||||| |||||c
020 |a 0002259877 
040 |b ita  |c importazione bologna sebina 
041 7 |a eng  |2 ISO-639-2 
100 1 |a Ryman, Geoff  |0 IT\ICCU\UBOV\571414  |4 aut 
245 1 0 |a Lust or no harm done /  |c Geoff Ryman. 
260 |a London :  |b Flamingo,  |c [2001] 
300 |a 400 p. ;  |c 22 cm. 
942 |2 ddc  |c BK  |n 0 
952 |0 0  |1 0  |4 0  |6 DOC_823_920000000000000_RYM  |7 0  |9 12949  |a BO  |b BO  |d 2026-01-15  |i 12764  |l 0  |o DOC 823.92 RYM  |p BO12764  |r 2026-01-15 23:18:12  |w 2026-01-15  |x [Sebina 5] [1 v.]  |y BK  |z 1 v. (2. copia) 
952 |0 0  |1 0  |4 0  |6 DOC_823_920000000000000_RYM  |7 0  |9 12950  |a BO  |b BO  |d 2026-01-15  |i 7625  |l 0  |o DOC 823.92 RYM  |p BO7625  |r 2026-01-15 23:18:12  |w 2026-01-15  |x [Sebina 5] [1 v.]  |y BK  |z 1 v. 
999 |c 11084  |d 11084